| 000 | 01009nam a2200325Ia 4500 | ||
|---|---|---|---|
| 003 | OSt | ||
| 005 | 20221006160223.0 | ||
| 006 | a|||||r|||| 00| 0 | ||
| 007 | ta | ||
| 008 | 221006b |||||||| |||| 00| 0 eng d | ||
| 020 |
_a9788932311432 _cW22,000 |
||
| 024 | _a44,649 | ||
| 037 |
_bGift, KCC (Window on Korea) _cTextual |
||
| 040 |
_aEASL _cEASL _beng |
||
| 041 |
_2eng _aeng |
||
| 082 | _aY:10aN495, P2 | ||
| 100 |
_aKim Man Hee _9672478 |
||
| 245 | 0 |
_aKorean life _b Portrayed in genre pictures |
|
| 260 |
_aSeoul _bHyeonamsa Korea _c2002 |
||
| 300 |
_a144p. _ccm. |
||
| 490 | _v KEL | ||
| 650 |
_a Korea - Ceremonial occasions _9672479 |
||
| 650 |
_a Korea - Craftsmen _9672480 |
||
| 650 |
_a Korea - Farming _9672481 |
||
| 650 |
_a Korea - Games _9672482 |
||
| 650 |
_aKorea - Daily life _9672483 |
||
| 700 |
_a Sung Hye Jean Tr. _9672484 |
||
| 942 |
_hY:10aN495, P2 _cTEXL _2CC |
||
| 999 |
_c1112741 _d1112741 |
||